000 00943nam a22002295i 4500
001 164109
003 ES-MaACL
005 20251017063109.0
008 991116m18951896sp h |||| | spa d
040 _aCCPB | B
_bspa
_cCCPB | B
100 1 _aRueda, Lope de,
_dca. 1505-ca. 1565
_9100511
245 1 0 _aObras de Lope de Rueda.
260 _aMadrid :
_b[s.n.],
_c1895-1896 (
_fImprenta de José Perales y Martínez)
300 _a2 v. (X, [2], 329, [3] p., [2] h. de facs.; X, [6], 294, [4] p.) ;
_c18 cm.
490 1 _aColección de libros españoles, raros ó curiosos / que publica el Marqués de la Fuensanta del Valle ;
_v23 y 24
510 4 _aPalau,
_ct. XVIII, 281000
655 7 _2tgfbne
_9226495
_aFacsímiles
830 0 0 _aColección de libros españoles raros o curiosos
_v23 y 24
_9187911
852 _aES-MaACL
_jR-2190-91
_z-- Enc. hol.
_x-- Olim: G-13971-13972
942 _2udc
999 _c164109
_d164109